Dialog Beruf 3. Deutsch als fremdsprache: Lehrerhandbuch

מידע ביבליוגרפי
מחבר ראשי: Becker N. Norbert
מחברים אחרים: Braunert J. Jorg
שפה:גרמנית
יצא לאור: Munchen, Max Hueber Verlag, 1998
נושאים:
פורמט: ספר
KOHA link:https://koha.lib.tpu.ru/cgi-bin/koha/opac-detail.pl?biblionumber=12279

MARC

LEADER 00000nam0a2200000 4500
001 12279
005 20231030184205.0
010 |a 3190215928 
035 |a (RuTPU)RU\TPU\book\12355 
035 |a BOOK00012421 
090 |a 12279 
100 |a 20011209d1998 m y0gery50 ba 
101 0 |a ger 
102 |a DE 
105 |a a j 000zy 
200 1 |a Dialog Beruf 3. Deutsch als fremdsprache  |e Lehrerhandbuch  |f N. Becker, J. Braunert 
210 |a Munchen  |c Max Hueber Verlag  |d 1998 
215 |a 118 p. 
610 1 |a немецкий язык 
610 1 |a учебные пособия 
610 1 |a обучение 
610 1 |a методика 
610 1 |a преподавание 
686 |a Ш143.24-923  |v LBC/SL-A  |2 rubbk 
700 1 |a Becker  |b N.  |g Norbert 
701 1 |a Braunert  |b J.  |g Jorg 
801 0 |a RU  |b 63413507  |c 20011209  |g PSBO 
801 2 |a RU  |b 63413507  |c 20221004  |g PSBO 
942 |c BK